Statistiken für Borussia Dortmund - Bundesliga-Rekordtorschützen (Top 50)

Klicken Sie hier um das Quiz zu spielen!

Allgemein

  • Dieses Quiz wurde 115 mal gespielt
  • Das Durchschnittsergebnis liegt bei 19 aus 50

Antwortstatistiken

PlatzNameNationGeb.SpieleTore% Korrekt
4Marco ReusDeutschland31.05.1989266114
95%
7Robert LewandowskiPolen21.08.198813174
95%
9Erling HaalandNorwegen21.07.20006762
94%
6Pierre-Emerick AubameyangGabun / Frankreich18.06.198914498
94%
17Shinji KagawaJapan17.03.198914841
78%
21Jadon SanchoEngland / Jamaika25.03.200010438
72%
11Jan KollerTschechien30.03.197313859
69%
2Michael ZorcDeutschland25.08.1962463131
69%
23Mario GötzeDeutschland03.06.199215835
66%
20Lucas BarriosParaguay / Argentinien13.11.19848339
65%
36Mats HummelsDeutschland16.12.198834027
64%
48Nuri SahinTürkei / Deutschland05.09.198822321
63%
42Paco AlcácerSpanien30.08.19933723
60%
5Stéphane ChapuisatSchweiz28.06.1969218102
60%
12Lars RickenDeutschland10.07.197630249
57%
24Alex FreiSchweiz15.07.19797434
56%
1Manfred BurgsmüllerDeutschland22.12.1949224135
54%
29Raphaël GuerreiroPortugal / Frankreich22.12.199316029
54%
30Márcio AmorosoBrasilien / Italien05.07.19745928
53%
44Henrikh MkhitaryanArmenien21.01.19899023
49%
45Julian BrandtDeutschland02.05.199612523
49%
13EwerthonBrasilien / Spanien10.06.198111947
40%
35Jakub BlaszczykowskiPolen14.12.198519727
39%
8Andreas MöllerDeutschland02.09.196722871
38%
46Kevin GroßkreutzDeutschland19.07.198817623
37%
47Matthias SammerDeutschland05.09.196711521
37%
3Lothar EmmerichDeutschland29.11.1941183115
36%
41Karl-Heinz RiedleDeutschland16.09.19658624
35%
38Ebi SmolarekPolen / Niederlande09.01.19818125
32%
18Norbert DickelDeutschland27.11.19619040
32%
14Frank MillDeutschland23.07.195818647
24%
19Heiko HerrlichDeutschland03.12.197112840
24%
16Timo KonietzkaDeutschland / Schweiz02.08.19385342
23%
22Michael RummeniggeDeutschland03.02.196415736
21%
50Flemming PovlsenDänemark03.12.196611620
15%
15Sigfried HeldDeutschland07.08.194223044
13%
27Marcel RaducanuRumänien21.10.195416331
12%
26Jürgen WegmannDeutschland31.03.196411733
10%
33Erdal KeserTürkei20.06.196110627
9%
37Jürgen SchützDeutschland01.07.19397326
6%
32Lothar HuberDeutschland05.05.195225428
5%
10Reinhold WosabDeutschland25.02.193819860
5%
40Mirko VotavaDeutschland / Tschechien25.04.195618925
4%
34Bernd KlotzDeutschland08.09.195810627
3%
43Franz BrungsDeutschland04.12.19365423
3%
28Rüdiger AbramczikDeutschland18.02.19569030
3%
25Werner WeistDeutschland11.03.19497233
3%
39Peter GeyerDeutschland11.12.195215925
2%
31Willi NeubergerDeutschland15.04.194614828
2%
49Wolfgang VögeDeutschland15.09.19559820
2%

Verteilung der Resultate

Perzentil nach korrekt beantworteten Fragen

Anzahl Personen mit jedem Resultat

Ihre Resultats-Entwicklung

Sie haben dieses Quiz noch nicht gespielt